|
|
|
|
| LEADER |
00000nam0a2200000 4500 |
| 001 |
261231 |
| 005 |
20231031221513.0 |
| 035 |
|
|
|a (RuTPU)RU\TPU\book\284207
|
| 090 |
|
|
|a 261231
|
| 100 |
|
|
|a 20140521d1906 m y0rusy50 ca
|
| 101 |
0 |
|
|a rus
|
| 102 |
|
|
|a RU
|
| 105 |
|
|
|a y z 001zy
|
| 200 |
1 |
|
|a Новейшие преобразования русского государственного строя
|f сост. В. Ш.
|
| 210 |
|
|
|a Санкт-Петербург
|c Типография А. С. Суворина
|d 1906
|
| 215 |
|
|
|a 680 с.
|
| 316 |
|
|
|5 63413507: 75//132
|a На форзаце: "Ал. Ал. Потебни на добрую память от составителя"
|
| 320 |
|
|
|a Постраничные примечания.
|
| 610 |
1 |
|
|a Россия
|
| 610 |
1 |
|
|a преобразования
|
| 610 |
1 |
|
|a дореволюционный период
|
| 610 |
1 |
|
|a юриспруденция
|
| 610 |
1 |
|
|a указы
|
| 610 |
1 |
|
|a постановления
|
| 610 |
1 |
|
|a проекты
|
| 610 |
1 |
|
|a избирательное право
|
| 610 |
1 |
|
|a 19 век
|
| 610 |
1 |
|
|a 20 век
|
| 610 |
1 |
|
|a дарственные надписи
|
| 686 |
|
|
|a Х620
|v LBC/SL-A
|2 rubbk
|
| 702 |
|
1 |
|a В. Ш.
|4 220
|
| 801 |
|
1 |
|a RU
|b 63413507
|c 20140521
|
| 801 |
|
2 |
|a RU
|b 63413507
|c 20140704
|g RCR
|
| 942 |
|
|
|c BK
|